A Westel 900 kulturális és sportnap reklámkampánya

Elmentve itt :
Bibliográfiai részletek
Szerző: Lajkó Ágnes
További közreműködők: Hetesi Erzsébet (Témavezető)
Dokumentumtípus: Szakdolgozat
Megjelent: 2001
Tárgyszavak:
Online Access:http://diploma.bibl.u-szeged.hu/103608
LEADER 00576nta a2200169 i 4500
001 dipl103608
005 20210118074148.0
008 210113s2001 hu om 0|| zxx d
040 |a SZTE Diploma Repozitórium  |b hun 
041 |a zxx 
100 1 |a Lajkó Ágnes 
245 1 2 |a A Westel 900 kulturális és sportnap reklámkampánya  |h [elektronikus dokumentum] /  |c Ágnes Lajkó 
260 |c 2001 
650 4 |a Gazdaságtudományok 
650 4 |a Marketing 
700 1 |a Hetesi Erzsébet  |e ths 
856 4 0 |u http://diploma.bibl.u-szeged.hu/id/eprint/103608/1/2001_lajko_agnes.pdf  |z Dokumentum-elérés